Algunas notas acerca del uso del dato en el análisis histórico estructural

Guardado en:
Bibliografiske detaljer
Hovedforfatter: Cortés Cáceres, Fernando
Format: Texto
Udgivet: s.n.t. :
Tags: Tilføj Tag
Ingen Tags, Vær først til at tagge denne postø!

MARC

LEADER 00000 a a2200000 04500
001 15969
003
040
090 |a 013500  
100 |a Cortés Cáceres, Fernando  
245 |a Algunas notas acerca del uso del dato en el análisis histórico estructural  
260 |a s.n.t. :  
300 |a 9 p.  
999 |c 16877  |d 16877